00553nam a2200181Ia 450000500170000000800410001702000150005808200130007310000210008624500630010726000430017030000120021365000100022565000180023594200060025395200970025999900150035620240606023431.0240331s9999 xx 000 0 und d a8185119198 bVEEa362 aVeeraraghavan, V 0aRape and victims of rape :ba socio-psychological analysis aNew DelhibNorthern Book Centre c1987 a126 p., aRape  aSexual Abuse  cL 001040708LaWERCLbWERCLcSSCd2024-03-31l0o 362.8 VEEp3549r2024-03-31w2024-03-31yL c2914d2914